LIBRARY & INFORMATION CENTRE, KCAET, TAVANUR

ONLINE PUBLIC ACCESS CATALOGUE (OPAC)

Investigations on the adaptability of wireless sensor networks (wsn) based technology for harvesting crops (Record no. 14926)

MARC details
000 -LEADER
fixed length control field 00769nam a22001817a 4500
003 - CONTROL NUMBER IDENTIFIER
control field OSt
088 ## - REPORT NUMBER
Report number 358
100 ## - MAIN ENTRY--AUTHOR NAME
Personal name AYISHA MANGAT
245 ## - TITLE STATEMENT
Title Investigations on the adaptability of wireless sensor networks (wsn) based technology for harvesting crops
260 ## - PUBLICATION, DISTRIBUTION, ETC. (IMPRINT)
Place of publication Tavanur 2016
Name of publisher Department of Farm Power Machinery and Energy
300 ## - PHYSICAL DESCRIPTION
Number of Pages 108
500 ## - GENERAL NOTE
General note Investigations on the adaptability of wireless sensor networks (wsn) based technology for harvesting crops
520 ## - SUMMARY, ETC.
Summary, etc Investigations on the adaptability of wireless sensor networks (wsn) based technology for harvesting crops
700 ## - ADDED ENTRY--PERSONAL NAME
Personal name Er. Shivaji K.P (Guide)
856 ## - ELECTRONIC LOCATION AND ACCESS
Uniform Resource Identifier https://drive.google.com/open?id=1I1u8VOHi7pJ_YB578VbtU3JleXM7sxSF
942 ## - ADDED ENTRY ELEMENTS (KOHA)
Koha item type Theses
Holdings
Collection code Home library Current library Shelving location Full call number Accession Number Koha item type Public note
Reference KAUAET KAUAET Reference 631.3 AYI/IN T 358 Theses M.Tech Thesis
free website counter